000 00612nam a22001937a 4500
003 OSt
005 20250730005733.0
008 250730b |||||||| |||| 00| 0 eng d
020 _a9789719919759
040 _aDWCL-Main lib
_cOC
082 _aFil. 657.3 V173f 2015
100 _aConrado T. Valix
245 _a Financial accounting, volume 2/
_cConrado T. Valix
260 _aManila :
_bGIC Enterprises,
_c c2015.
300 _a1137 pages :
_c22 cm.
650 _a1. Accounting--Examinations, questions, etc.
650 _a2. Accounting--Problems, exercises, etc.
942 _2ddc
_cBK - FIL
_kFil.
_n0
999 _c3871
_d3871